Komentár k novému zákonu o používaní elektronickej registračnej pokladnice

Dôvody prijatia nového zákona (č. 289/2008 Z.z.) o používaní elektronickej registračnej pokladnice. Kto je povinný používať pokladnicu, výnimky. Uvedenie pokladnice do prevádzky a jej ukončenie, povinnosti pri zmene vlastníka pokladnice. Typy uzávierok, ktoré podnikateľ vyhotovuje, doklady, ktoré je...

Ausführliche Beschreibung

Gespeichert in:
Bibliographische Detailangaben
1. Verfasser: Klasová, Viera
Format: Buchkapitel
Sprache:Slowakisch
Schlagworte:
Tags: Tag hinzufügen
Keine Tags, Fügen Sie das erste Tag hinzu!

MARC

LEADER 00000naa$a2200000$$$4500
001 0080755
005 20231106073924.6
041 0 |a slo 
044 |a SK 
245 1 0 |a Komentár k novému zákonu o používaní elektronickej registračnej pokladnice  |c Viera Klasová 
520 |a Dôvody prijatia nového zákona (č. 289/2008 Z.z.) o používaní elektronickej registračnej pokladnice. Kto je povinný používať pokladnicu, výnimky. Uvedenie pokladnice do prevádzky a jej ukončenie, povinnosti pri zmene vlastníka pokladnice. Typy uzávierok, ktoré podnikateľ vyhotovuje, doklady, ktoré je povinný podnikateľ pri používaní pokladnice vyhotovovať. Uchovávanie a ochraňovanie údajov. Kniha pokladnice. Servisné organizácie. Plomba. Kontrola pokladníc. 
610 2 0 |a pokladnice registračné 
610 2 0 |a elektronizácia 
610 2 0 |a zákony 
610 2 0 |a komentáre 
610 2 0 |a Slovensko 
100 1 |a Klasová, Viera